| 000 | 00410pab a2200169 454500 | ||
|---|---|---|---|
| 008 | 180718b2005 xxu||||| |||| 00| 0 eng d | ||
| 100 | _aAzad, Arif | ||
| 245 | _aHeathrow strike and Asian workforce | ||
| 260 | _c2005 | ||
| 300 | _ap.4412-414 | ||
| 362 | _a8 Oct | ||
| 650 | _aStrikes - Asia | ||
| 650 | _aWorkers - Asia | ||
| 650 | _aWorkers | ||
| 773 | _aEconomic and Political Weekly | ||
| 909 | _a67642 | ||
| 999 |
_c67642 _d67642 |
||